| 000 | 00346nam a2200145 a 4500 | ||
|---|---|---|---|
| 008 | 970617s1971||||xx 0 und c | ||
| 040 |
_aSNK _bslo _cSNK _eAACR2 |
||
| 100 | 1 | _aMistralová, Gabriela | |
| 245 | 1 | 0 | _aNeha |
| 260 |
_aBratislava _bSlovenský spisovateľ _c1971 |
||
| 300 | _a157 s. | ||
| 020 | _c19 | ||
| 044 |
_axo _cSK |
||
| 041 | _aslo | ||
| 999 |
_c12342 _d12342 |
||